| 000 | 00887nam a2200217 a 4500 | ||
|---|---|---|---|
| 001 | 000017886 | ||
| 005 | 20200929165252.0 | ||
| 008 | 100407s1971 dr 000 0 spa d | ||
| 040 | _aDO-SdBNP | ||
| 082 |
_a914 _bL898c |
||
| 100 | 1 |
_aLovelance B., Manuel de J. _938816 |
|
| 245 | 1 | 0 |
_aCamino compostelano : _bevocaciones de un gran viaje por Europa / _cManuel de J. Lovelance B. |
| 260 |
_aSanto Domingo : _bMarrero, _c1971. |
||
| 300 |
_a117 p. ; _c21 cm. |
||
| 590 | _aInventariado, 2019/VM | ||
| 520 | _aDario del recorrido de un grupo de sesenta dominicanos que integró la Peregrinación Camino Compostelano Europeo, realizada entre el 15 de agosto y el 15 de septiembre de 1971. | ||
| 650 | 4 |
_aViajeros _xRelatos personales _921501 |
|
| 650 | 4 |
_aCiudades y pueblos _zEuropa _95198 |
|
| 651 | 4 |
_aEuropa _xDescripciones Y Viajes _938817 |
|
| 910 | _aValidado. Control de calidad EMS | ||
| 999 |
_c17410 _d17410 |
||